Mecanismos de reacción en química orgánica (Record no. 41910)

MARC details
000 -LEADER
campo de control de longitud fija 00659nam a2200229 i 4500
001 - NÚMERO DE CONTROL
campo de control 41910
003 - IDENTIFICADOR DE NÚMERO DE CONTROL
campo de control ES-MaACL
005 - FECHA Y HORA DE LA ÚLTIMA TRANSACCIÓN
campo de control 20230906160520.0
007 - CAMPO FIJO DE DESCRIPCIÓN FÍSICA--INFORMACIÓN GENERAL
campo de control de longitud fija t|
008 - DATOS DE LONGITUD FIJA--INFORMACIÓN GENERAL
campo de control de longitud fija 030312s1976 sp ||||1| spa d
100 1# - ENTRADA PRINCIPAL--NOMBRE DE PERSONA
Nombre de persona Casas, J.
9 (RLIN) 181915
245 10 - MENCIÓN DEL TÍTULO
Título Mecanismos de reacción en química orgánica
Resto del título : algunos problemas singulares /
Mención de responsabilidad, etc. J. Casas, A. Messeguer, P. Sola.
250 ## - MENCION DE EDICION
Mención de edición [1ª ed.].
260 ## - PUBLICACIÓN, DISTRIBUCIÓN, ETC.
Lugar de publicación, distribución, etc. [Madrid] :
Nombre del editor, distribuidor, etc. Alhambra,
Fecha de publicación, distribución, etc. [1976]
300 ## - DESCRIPCIÓN FÍSICA
Extensión 103 p. ;
Dimensiones 20 cm.
490 1# - MENCIÓN DE SERIE
Mención de serie Vertix
700 1# - ENTRADA AGREGADA--NOMBRE PERSONAL
Nombre de persona Messeguer, A.
9 (RLIN) 80679
700 1# - ENTRADA AGREGADA--NOMBRE PERSONAL
Nombre de persona Sola, P.
9 (RLIN) 107048
830 0# - PUNTO DE ACCESO ADICIONAL DE SERIE-TÍTULO UNIFORME
Título uniforme Vertix
9 (RLIN) 180780
852 ## - LOCALIZACIÓN
Ubicación ES-MaACL
Número de control de estantería A-5730
Sublocalización o colección R.94788
Holdings
Estatus retirado Estado de pérdida Estado de daño No para préstamo Biblioteca de origen Biblioteca actual Ubicación en estantería Fecha de adquisición Fuente de adquisición Total de préstamos Signatura topográfica completa Código de barras Visto por última vez Precio de reemplazo Tipo de ítem Koha
        Biblioteca del Ateneo de Madrid Biblioteca del Ateneo de Madrid Sala Pecera Planta 1 17/01/2008     A-5730 1044116 23/02/2023 23/02/2023 Libro impreso